Top 10 Richest and Poorest U.S Presidents - Statistics

General Stats
  • This quiz has been taken 1,597 times
  • The average score is 15 of 20
Answer Stats
Ranking Amount President % Correct
1 $3.1 Billion Donald Trump
99%
2 $587 Million George Washington
94%
10 $66 Million Franklin D. Roosevelt
88%
39 < $1 Million Abraham Lincoln
86%
4 $139 Million Theodore Roosevelt
86%
9 $75 Million Bill Clinton
83%
3 $236 Million Thomas Jefferson
83%
7 $109 Million Lyndon B. Johnson
78%
40 < $1 Million Andrew Johnson
77%
5 $132 Million Andrew Jackson
73%
46 < $1 Million Harry S. Truman
69%
8 $83 Million Herbert Hoover
69%
41 < $1 Million Ulysses S. Grant
69%
6 $113 Million James Madison
66%
44 < $1 Million Woodrow Wilson
65%
45 < $1 Million Calvin Coolidge
62%
42 < $1 Million James A. Garfield
55%
37 $1 Million Warren G. Harding
53%
38 < $1 Million James Buchanan
52%
43 < $1 Million Chester A. Arthur
47%
No matching quizzes found
Score Distribution
Percent of People with Each Score
Percentile by Number Answered
Your Score History
You have not taken this quiz